Pokémon Génerique 11 - Nous serons les héros - Statistiques

Statistiques générales
  • Ce quiz a été pris 421 fois
  • Le résultat moyen est 44 sur 49
Statistiques - réponses
Réponse % Correct
De
97%
De
97%
Héros,
97%
Héros !
97%
Les
97%
Les
97%
Les
97%
Nous
97%
Nous
97%
Pokémon !
97%
Serons
97%
Serons
97%
Ce
96%
Tu
96%
Tu
96%
La
95%
Mon
94%
Te
94%
Bataille !
93%
Monde
92%
Nouveau,
92%
Battle
91%
Dimension
91%
Gagnera
91%
Je
91%
L'amitié
91%
91%
Que
91%
Ailles !
90%
C'est
89%
Suivrai,
88%
Choix
87%
Défis.
87%
Sur
87%
T'en
87%
Unis
87%
Aux
86%
Doutes.
86%
Face
86%
Routes,
86%
Tout,
86%
Vie !
86%
Jamais
85%
Seul,
85%
Vois
85%
Loin
84%
Et
83%
Braves
78%
Forts,
78%
Aucun quiz correspondant
Distribution des résultats
% des personnes avec chaque résultat
Percentile par nombre de réponses
Votre historique - résultats
Vous n’avez pas pris ce quiz